| 000 | 00457nam a2200193Ia 4500 | ||
|---|---|---|---|
| 003 | OSt | ||
| 005 | 20260107114103.0 | ||
| 008 | 210210b1995 xxu||||| |||| 00| 0 eng d | ||
| 040 | _cAL | ||
| 041 | _aeng | ||
| 082 | _a820.33 KHAC | ||
| 100 |
_aDevki Nandan Khatri _9250495 |
||
| 245 | _aChandrakanta | ||
| 260 |
_aNew Delhi _bBooks For All _c1995 |
||
| 300 | _aiv,255p | ||
| 690 |
_aIndian English Fiction _9250496 |
||
| 906 | _a049523 | ||
| 942 |
_2ddc _cBK |
||
| 999 |
_c98488 _d98488 |
||